La literatura infantil /
Guardado en:
| Autor Principal: | |
|---|---|
| Formato: | Libro |
| Publicado: |
Argentina :
Losada,
1973
|
| Edición: | 6a. ed. |
| Materias: | |
| Etiquetas: |
Agregar Etiqueta
Sin Etiquetas, Sea el primero en etiquetar este registro!
|
| LEADER | 00677nam a22002295a 4500 | ||
|---|---|---|---|
| 001 | CEM.cems003475 | ||
| 005 | 19000101000000.0 | ||
| 008 | 130507s1973##################000#0#####d | ||
| 003 | CEMS | ||
| 082 | 0 | 4 | |a 800 |
| 100 | 1 | |a Jesualdo | |
| 245 | 1 | 0 | |a La literatura infantil / |c Jesualdo |
| 250 | |a 6a. ed. | ||
| 260 | |a Argentina : |b Losada, |c 1973 | ||
| 300 | |a 267 p. | ||
| 505 | 0 | |a Ensayo sobre ética, estética y psicopedagog¡a de la literatura infantil. | |
| 653 | |a Cuentos de hadas | ||
| 653 | |a Didactica de la literatura inf | ||
| 653 | |a Fabula-teoria | ||
| 653 | |a Literatura | ||
| 653 | |a Literatura infantil | ||
| 859 | |a CEMS |b BIB. CEMS - 11 de abril |h 800 |i J449a6 |p 5282.76 |t Ej.1 | ||
